000 01131cam a2200253 4500
001 ABS66077
008 021025n2002 000 0 eng u
035 _a(Sirsi) u120266
100 _aMyers, A.
245 _aBeyond dispute
260 _c2002
490 _aEstates Gazette
_v(0236) 7 September 2002, 142-144(3)
520 _aLooks at the area of pre-action protocols that were introduced in the Civil Procedure Rules. These set out, through guidelines, the procedure that parties to a dispute should usually adopt before commencing court proceedings. Now in its final form, the Property Litigation Association (PLA) publication "Pre-action protocol for terminal dilapidations claims for damages" offers relevant guidance that this article explores. PLA's draft can be found at http://www.pla.org.uk/dilapidation.htm
590 _aABS
650 _aPRE-ACTION PROTOCOLS
650 _aCIVIL PROCEDURE RULES
650 _aWOOLF REFORMS
650 _aRICS
650 _aGUIDANCE
650 _aDILAPIDATIONS DISPUTES
650 _aLANDLORD AND TENANT ACT 1927 S18(1)
690 _aDilapidations
_96235
942 _n0
999 _c71450
_d71450